Alle Länder des Römischen Reiches um 117 (mit Karte) - Statistiken

Allgemein
  • Dieses Quiz wurde 32 mal gespielt
  • Das Durchschnittsergebnis liegt bei 47 aus 50
Antworten auf der Karte
Die Antworten werden auf der Karte rot bzw. grün angezeigt, abhängig davon wie oft sie richtig erraten wurden.
 
Antwortstatistiken
Land % Korrekt
Ägypten
100%
Algerien
100%
Belgien
100%
Bulgarien
100%
Deutschland
100%
Frankreich
100%
Griechenland
100%
Israel
100%
Italien
100%
Kroatien
100%
Libyen
100%
Luxemburg
100%
Niederlande
100%
Österreich
100%
Portugal
100%
Schweiz
100%
Spanien
100%
Syrien
100%
Tunesien
100%
Türkei
100%
Albanien
96%
Bosnien und Herzegowina
96%
Grossbritannien
96%
Jordanien
96%
Marokko
96%
Saudi-Arabien
96%
Slowenien
96%
Ungarn
96%
Irak
92%
Iran
92%
Kosovo
92%
Liechtenstein
92%
Monaco
92%
Montenegro
92%
Rumänien
92%
Serbien
92%
Andorra
88%
Aserbaidschan
88%
Georgien
88%
Malta
88%
Nordmazedonien
88%
Russland
88%
San Marino
88%
Slowakei
88%
Ukraine
88%
Vatikanstadt
88%
Armenien
85%
Kuwait
85%
Libanon
85%
Zypern
85%
Keine übereinstimmenden Quizze gefunden
Verteilung der Resultate
Anzahl Personen mit jedem Resultat
Perzentil nach korrekt beantworteten Fragen
Ihre Resultats-Entwicklung
Sie haben dieses Quiz noch nicht gespielt